000
00300nam a2200133Ia 4500
008
190216s9999||||xx |||||||||||||| ||und||
100
_a
Tannan. Br
245
0
_a
Banking Law And Practice In India
250
_a
13rd Ed.
260
_b
Null
_c
1971
300
_a
630
650
_a
Economics
942
_c
BK
999
_c
9247
_d
9247